[Event "Paris Apsap op 39th"]
[Site "Paris"]
[Date "2003.02.16"]
[Round "7"]
[White "Cabel Simon, Remi"]
[Black "Hennekein, Herve"]
[Result "1/2-1/2"]
[WhiteElo "1740"]
[BlackElo "1780"]
[PlyCount "40"]
[EventDate "2003.02.23"]
[EventType "swiss"]
[EventRounds "7"]
[EventCountry "FRA"]
[SourceTitle "EXT 2004"]
[Source "ChessBase"]
[SourceDate "2003.11.25"]
[SourceVersion "1"]
[SourceVersionDate "2003.11.25"]
[SourceQuality "1"]

1. e4 e6 2. d4 d5 3. Nc3 Bb4 4. e5 c5 5. a3 Bxc3+ 6. bxc3 Ne7 7. Qg4 Qc7 8. Bd2 Nbc6 9. Nf3 Ng6 10. Bd3 Bd7 11. h4 0-0-0 12. h5 Ngxe5 13. Nxe5 Nxe5 14. dxe5 Qxe5+ 15. Qe2 Qd6 16. Rh4 e5 17. Bb5 Be6 18. Ra4 Kb8 19. Rb1 Bd7 20. Ra6 b6 1/2-1/2